LEADER 01014cam2 22002651 450 001 SOBE00071611 005 20220517131037.0 100 $a20220517d1948 |||||ita|0103 ba 101 $aita 102 $aIT 200 1 $a<<3: Il >>poeta della vita$fEttore Cozzani 210 $aMilano$cL'eroica$dstampa 1948 215 $a169 p.$d19 cm 461 1$1001SOBE00071453$12001 $aLeopardi / Ettore Cozzani$v3 500 10$a<>poeta della vita$3SOBA00023872$92840947 700 1$aCozzani$b, Ettore$3A600200025456$4070$0179709 801 0$aIT$bUNISOB$c20220517$gRICA 850 $aUNISOB 852 $aUNISOB$jSaggi|F$m176280 912 $aSOBE00071611 940 $aM 102 Monografia moderna SBN 941 $aM 957 $xFondo|Leopardiano$aSaggi|F$b000124$i-3$gCON$d176280$n20220512$hFondoLeopardiano$rdono$1catenaccif$2UNISOB$3UNISOB$420220517130639.0$520220517130718.0$6catenaccif$fPer le modalità di consultazione vedi home page Biblioteca link Fondi 996 $aPoeta della vita$92840947 997 $aUNISOB LEADER 01234nam a2200217 i 4500 001 991004383833207536 005 20250613124135.0 008 250613s1982 it ah er 001 0 ita d 040 $aBibl. Dip.le Aggr. Scienze Giuridiche - Sez. Studi Giuridici$bita$cSocioculturale Scs 041 0 $aita 082 04$a945.0092$223 110 1 $aArchivio centrale dello Stato$039946 245 10$aGaribaldi nella documentazione degli archivi di Stato e delle biblioteche statali :$bmostra storico-documentaria /$ca cura dell'Archivio centrale dello Stato 260 $aRoma :$bIstituto poligrafico e Zecca dello Stato,$c1982 300 $aXXII, 285 p., [16] carte di tav. :$bill. ;$c24 cm 490 1 $atitolo collana ;$vnum. coll. 500 $aIn testa al frontespizio: Comitato nazionale per le manifestazioni culturali per il 1. centenario della morte di Giuseppe Garibaldi; Ministero per i Beni Culturali e Ambientali, Ufficio centrale per i beni archivistici, Ufficio centrale per i beni librari e gli istituti culturali. 600 14$aGaribaldi, Giuseppe$vDocumenti$xEsposizioni$y1982 912 $a991004383833207536 996 $aGaribaldi nella documentazione degli archivi di Stato e delle biblioteche statali$94397160 997 $aUNISALENTO LEADER 04689nam 2200721 a 450 001 9911019403703321 005 20200520144314.0 010 $a9781118217528 010 $a1118217527 010 $a9781283869546 010 $a1283869543 010 $a9781118530207 010 $a1118530209 035 $a(CKB)2670000000308743 035 $a(EBL)1092895 035 $a(SSID)ssj0000810365 035 $a(PQKBManifestationID)11499138 035 $a(PQKBTitleCode)TC0000810365 035 $a(PQKBWorkID)10828245 035 $a(PQKB)10914089 035 $a(MiAaPQ)EBC1092895 035 $a(OCoLC)822993759 035 $a(Perlego)2750114 035 $a(EXLCZ)992670000000308743 100 $a20121228d2013 uy 0 101 0 $aeng 135 $aur|n|---||||| 181 $ctxt 182 $cc 183 $acr 200 10$aAdvanced processing and manufacturing technologies for structural and multifunctional materials VI $ea collection of papers presented at the 36th International Conference on Advanced Ceramics and Composites, January 22-27, 2012, Daytona Beach, Florida /$fedited by Tatsuki Ohji, Mrityunjay Singh ; volume editors, Michael Halbig, Sanjay Mathur 210 $aHoboken, N.J. $cWiley$d2013 215 $a1 online resource (184 p.) 225 0$aCeramic engineering and science proceedings,$x0196-6219 ;$vv. 33, issue 8 (2012) 300 $aDescription based upon print version of record. 311 08$a9781118205983 311 08$a1118205987 320 $aIncludes bibliographical references and index. 327 $aAdvanced Processing and Manufacturing Technologies for Structural and Multifunctional Materials VI; Contents; Preface; Introduction; Contribution to the Understanding of the Microstructure of First Generation Si-C-O Fibers; The Control of Interphases in Carbon and Ceramic Matrix Composites; High Volume Production for High Performance Ceramics; Low Pressure Injection Molding of Advanced Ceramic Components with Complex Shapes for Mass Production; Ceramic Injection Molding Using a Partially Water-Soluble Binder System: Effect of Back-Bone Polymers on the Process 327 $aGreen-Conscious Ceramic Injection MoldingShaping of Large-Sized Sputtering Targets; TEM Observation of the Ti Interlayer between SiC Substrates during Diffusion Bonding; Joining of Alumina by Using of Polymer Blend and Aluminum; Diffusion Bonding of Rigid Alumina Pieces using Porous Alumina Interlayers; Influence of Joining Pressure and Surface Roughness on Flexural Strength of Joined Boron Carbide Ceramics; Laser Machining of Melt Infiltrated Ceramic Matrix Composite; Fabrication of Dendritic Electrodes for Solid Oxide Fuel Cells by using Micro Stereolithography 327 $aIon-Exchange Properties of Nano Zeolite a Prepared by Bead Milling and Post-Milling Recrystallization MethodThe Role of Milling Liquids in Processing of Metal-Ceramic- Precursor Powders; Quantitative Validation of a Multi-Scale Model of Pyrocarbon Chemical Vapor Infiltration from Propane; Numerical Analysis of Fracture Behavior in Anisotropic Microstructures; Author Index 330 $a The 6th International Symposium on Advanced Processing and Manufacturing Technologies for Structural and Multifunctional Materials and Systems was held in January 2012 during the 36th International Conference and Exposition on Advanced Ceramics and Composites. This symposium examined progress resulting from the research and development of advanced processing and manufacturing technologies for a wide variety of non-oxide and oxide-based structural ceramics, particulate and fiber-reinforced composites, and multifunctional materials. This issue features seventeen of those papers, representing 410 0$aCeramic Engineering and Science Proceedings 606 $aCeramic materials$vCongresses 606 $aComposite materials$vCongresses 606 $aManufacturing processes$vCongresses 615 0$aCeramic materials 615 0$aComposite materials 615 0$aManufacturing processes 676 $a666 701 $aOhji$b T$g(Tatsuki)$01604351 701 $aSingh$b M$g(Mrityunjay)$013684 701 $aHalbig$b Michael$0862746 701 $aMathur$b Sanjay$0856394 712 02$aAmerican Ceramic Society. 712 12$aInternational Symposium on Advanced Processing and Manufacturing Technologies for Structural and Multifunctional Materials and Systems 801 0$bMiAaPQ 801 1$bMiAaPQ 801 2$bMiAaPQ 906 $aBOOK 912 $a9911019403703321 996 $aAdvanced processing and manufacturing technologies for structural and multifunctional materials VI$94420711 997 $aUNINA